Robust multivariable feedback control /
Guardado en:
| Autor principal: | |
|---|---|
| Formato: | Libro |
| Lenguaje: | inglés |
| Publicado: |
Berlin :
Akademie Verlag,
1988
|
| Etiquetas: |
Sin Etiquetas, Sea el primero en etiquetar este registro!
|
MARC
| LEADER | 00000nam a22000003a 4500 | ||
|---|---|---|---|
| 001 | stu549 | ||
| 005 | 20150617225621.7 | ||
| 008 | 910610s1988----gw------------------eng-d | ||
| 040 | |a STU |b slo | ||
| 041 | 0 | |a eng | |
| 044 | |a gw | ||
| 080 | |a 681.516.3.01 |7 stu_us_auth*stu10127 | ||
| 100 | 1 | |a Lunze, Jan |4 aut | |
| 245 | 1 | |a Robust multivariable feedback control / |c [aut.] Lunze,Jan | |
| 260 | |a Berlin : |b Akademie Verlag, |c 1988 | ||
| 300 | |a 237 s | ||
| 996 | |b E73549 |c E*73549 |l EE30 |s P |a 0 |w stu549_0001 | ||